Bình luận khoa học Luật Đất đai năm 2024

Cuốn sách bình luận chuyên sâu, giải thích khoa học từng điều luật của Luật Đất đai năm 2024.

Shranjeno v:
Bibliografske podrobnosti
Glavni avtor: Tạ Đình Tuyên
Drugi avtorji: Nguyễn Văn Huy
Format: Knjiga
Jezik:Vietnamese
Izdano: H. Lao động 2024
Izdaja:Tái bản lần thứ nhất, có sửa đổi, bổ sung
Teme:
Oznake: Označite
Brez oznak, prvi označite!
Thư viện lưu trữ: Thư viện Trường Đại học Nam Cần Thơ
LEADER 01174nam a22002297a 4500
001 NCT_4_024763
008 250703b xxu||||| |||| 00| 0 vie d
999 |c 9221  |d 9221 
020 |a 9786044924366  |c 425000 
082 0 4 |2 23rd ed.  |a 346.597043  |b T527 
100 1 |a Tạ Đình Tuyên 
245 1 0 |a Bình luận khoa học Luật Đất đai năm 2024  |c Tạ Đình Tuyên, Nguyễn Văn Huy 
250 |a Tái bản lần thứ nhất, có sửa đổi, bổ sung 
260 |a H.  |b Lao động  |c 2024 
300 |a 466 tr.  |c 27 cm 
520 3 |a Cuốn sách bình luận chuyên sâu, giải thích khoa học từng điều luật của Luật Đất đai năm 2024. 
653 |a Luật học 
700 1 |a Nguyễn Văn Huy 
942 |2 ddc  |c BK 
952 |0 0  |1 0  |2 ddc  |4 0  |6 346_597043000000000_T527  |7 0  |9 31166  |a 000001  |b 000001  |d 2025-07-03  |o 346.597043 T527  |p MD.24153  |r 2025-07-03  |v 425000.00  |w 2025-07-03  |y BK 
952 |0 0  |1 0  |2 ddc  |4 0  |6 346_597043000000000_T527  |7 0  |9 31167  |a 000001  |b 000001  |d 2025-07-03  |o 346.597043 T527  |p MD.24154  |r 2025-07-03  |v 425000.00  |w 2025-07-03  |y BK 
980 |a Thư viện Trường Đại học Nam Cần Thơ